000
00334nam a2200133 a 4500
005
20140412111237.0
008
100122s19uu xx 00 eng d
020
_a
1-84322-077-6
050
_a
REF 423.1
_b
Il6 2001
245
_a
Illustrated Thesaurus.
260
_a
Italy :
_b
Island books,
_c
2001.
300
_a
255p.
999
_c
102528
_d
102528